header

Networks, work and inequality (Record no. 9124)

MARC details
000 -LEADER
fixed length control field 01525nam a2200373 a 4500
001 - CONTROL NUMBER
control field ebr10695996
003 - CONTROL NUMBER IDENTIFIER
control field CaPaEBR
006 - FIXED-LENGTH DATA ELEMENTS--ADDITIONAL MATERIAL CHARACTERISTICS--GENERAL INFORMATION
fixed length control field m u
007 - PHYSICAL DESCRIPTION FIXED FIELD--GENERAL INFORMATION
fixed length control field cr cn|||||||||
008 - FIXED-LENGTH DATA ELEMENTS--GENERAL INFORMATION
fixed length control field 130513s2013 enka sb 000 0 eng d
020 ## - INTERNATIONAL STANDARD BOOK NUMBER
Cancelled/invalid ISBN 9781781905395
Cancelled/invalid ISBN 9781781905401 (e-book)
040 ## - CATALOGING SOURCE
Original cataloging agency CaPaEBR
Transcribing agency CaPaEBR
035 ## - SYSTEM CONTROL NUMBER
System control number (OCoLC)840921338
050 14 - LIBRARY OF CONGRESS CALL NUMBER
Classification number HD5706
Item number .N48 2013eb
245 00 - TITLE STATEMENT
Title Networks, work and inequality
Medium [electronic resource] /
Statement of responsibility, etc edited by Steve McDonald.
250 ## - EDITION STATEMENT
Edition statement 1st ed.
260 ## - PUBLICATION, DISTRIBUTION, ETC. (IMPRINT)
Place of publication, distribution, etc Bingley :
Name of publisher, distributor, etc Emerald,
Date of publication, distribution, etc 2013.
300 ## - PHYSICAL DESCRIPTION
Extent xiii, 414 p. :
Other physical details ill.
490 1# - SERIES STATEMENT
Series statement Research in the sociology of work,
International Standard Serial Number 0277-2833 ;
Volume number/sequential designation v. 24
504 ## - BIBLIOGRAPHY, ETC. NOTE
Bibliography, etc Includes bibliographical references.
505 0# - FORMATTED CONTENTS NOTE
Formatted contents note pt. I. Networks and hiring -- pt. II. Networks and the labor process -- pt. III. Networks and work-related outcomes -- pt. IV. Networks and institutional dynamics.
533 ## - REPRODUCTION NOTE
Type of reproduction Electronic reproduction.
Place of reproduction Palo Alto, Calif. :
Agency responsible for reproduction ebrary,
Date of reproduction 2013.
Note about reproduction Available via World Wide Web.
-- Access may be limited to ebrary affiliated libraries.
650 #0 - SUBJECT ADDED ENTRY--TOPICAL TERM
Topical term or geographic name as entry element Labor market.
Topical term or geographic name as entry element Labor supply.
Topical term or geographic name as entry element Industrial relations.
Topical term or geographic name as entry element Labor
General subdivision Social aspects.
Topical term or geographic name as entry element Industrial sociology.
655 #7 - INDEX TERM--GENRE/FORM
Genre/form data or focus term Electronic books.
Source of term local
700 1# - ADDED ENTRY--PERSONAL NAME
Personal name McDonald, Steve.
710 2# - ADDED ENTRY--CORPORATE NAME
Corporate name or jurisdiction name as entry element ebrary, Inc.
830 #0 - SERIES ADDED ENTRY--UNIFORM TITLE
Uniform title Research in the sociology of work ;
Volume number/sequential designation v. 24.
856 40 - ELECTRONIC LOCATION AND ACCESS
Uniform Resource Identifier <a href="http://site.ebrary.com/lib/rucke/Doc?id=10695996">http://site.ebrary.com/lib/rucke/Doc?id=10695996</a>
Public note An electronic book accessible through the World Wide Web; click to view

No items available.

© 2026 Rongo University
Contact us: librarian | system librarian | Rongo university